000 00473nam a2200181 a 4500
001 1773825107091
003 YourLibrary
005 20260318144534.0
008 260318s2009##################000#0#eng##
020 _a9780415472661
082 0 4 _a338.064ANT
100 1 _aAntonelli, Cristiano,
_eauthor.
245 1 0 _aTechnology Infrastructure :
260 _c2009.
650 0 _aInfrastructure (Economics).
942 _cENGLISH
040 _aYourLibrary
_beng
_cYourLibrary
999 _c617836
_d617836